Normal view
MARC view
Entry Personal Name
001 - CONTROL NUMBER
- control field: 33779
003 - CONTROL NUMBER IDENTIFIER
- control field: OSt
005 - DATE AND TIME OF LATEST TRANSACTION
- control field: 20160120171130.0
008 - FIXED-LENGTH DATA ELEMENTS
- fixed length control field: 160120|| aca||aabn | a|a d
040 ## - CATALOGING SOURCE
- Original cataloging agency: OSt
- Transcribing agency: OSt
100 ## - HEADING--PERSONAL NAME
- Personal name: श्रीवास्तव के.के
670 ## - SOURCE DATA FOUND
- Source citation: Work cat.: (OSt)30855: श्रीवास्तव के.के, अभिवचन तथा प्रलेख शास्त्र एवं सामान्य नियम दिवानी, 1997









